| 000 | 00983cad a22002655a 4500 | ||
|---|---|---|---|
| 001 | L130036 | ||
| 002 | 8879 | ||
| 008 | 050616s2005 xxk af 001 0 eng u | ||
| 020 |
_a0415349176 _a9780203023266 |
||
| 035 | _a(Sirsi) u130036 | ||
| 041 | _aeng | ||
| 050 |
_a692.2 _c18 |
||
| 100 | _aPolley, Simon | ||
| 245 | _aUnderstanding the building regulations | ||
| 250 | _a3rd ed. | ||
| 260 |
_aAbingdon _bTaylor and Francis _c2005 |
||
| 300 |
_axii, 280p. _bill. _c24cm. |
||
| 350 | _a18.99 | ||
| 520 | _aIntroduction to the current system of building control in England and Wales. This is based on the Building Regulations 2000 and all the supporting Approved Documents. Also covers changes to the Building Regulations 1991 Approved Documents A, B, C, E, H, J, L and M. | ||
| 520 | _aSuperseded by fourth edition (ISBN 9780415452724). | ||
| 650 | 2 | 4 | _aBUILDING REGULATIONS 2000 |
| 651 | 4 |
_aEngland and Wales _y1543- |
|
| 690 |
_aBuilding regulations _96224 |
||
| 942 | _n0 | ||
| 999 |
_c104333 _d104333 |
||